[Event "New York"]
[Site "?"]
[Date "1990.??.??"]
[Round "9"]
[White "Karpov, An"]
[Black "Kasparov, G."]
[Result "1/2-1/2"]
[WhiteElo "2730"]
[BlackElo "2800"]
[PlyCount "73"]
[EventDate "1990.??.??"]
[Source "www.chesslib.no"]
[SourceDate "2004.05.04"]

1. d4 Nf6 2. c4 g6 3. Nc3 d5 4. cxd5 Nxd5 5. e4 Nxc3 6. bxc3 Bg7 7. Be3 c5 8. Qd2 cxd4 9. cxd4 Nc6 10. Rd1 Qa5 11. Qxa5 Nxa5 12. Nf3 O-O 13. Be2 Bd7 14. Bd2 b6 15. O-O Rfd8 16. Rc1 Bg4 17. d5 Nb7 18. h3 Bxf3 19. Bxf3 Nc5 20. Be3 Rac8 21. Bg4 Rb8 22. Rc4 h5 23. Bf3 e6 24. Rd1 exd5 25. exd5 Be5 26. g4 hxg4 27. hxg4 Nb7 28. Ra4 Na5 29. g5 Rbc8 30. Be2 Bd6 31. Kg2 Bc5 32. Bd2 Rxd5 33. Bf3 Rdd8 34. Bxa5 Rxd1 35. Bxd1 bxa5 36. Bb3 Kg7 37. Rf4 1/2-1/2

[Event "PCA"]
[Site "Riga PCA"]
[Date "1995.??.??"]
[Round "6"]
[White "Kramnik, Vladimir"]
[Black "Anand, Viswanathan"]
[Result "1/2-1/2"]
[WhiteElo "2715"]
[BlackElo "2715"]
[PlyCount "81"]
[EventDate "1995.??.??"]
[Source "www.chesslib.no"]
[SourceDate "2004.05.04"]

1. Nf3 g6 2. c4 Nf6 3. d4 Bg7 4. Nc3 d5 5. cxd5 Nxd5 6. e4 Nxc3 7. bxc3 c5 8. Rb1 O-O 9. Be2 cxd4 10. cxd4 Qa5+ 11. Bd2 Qxa2 12. O-O Bg4 13. Bg5 h6 14. Be3 Bh5 15. d5 Rc8 16. Bc5 Bh8 17. e5 Rxc5 18. Rb4 Bxe5 19. Nd4 Nc6 20. Qe1 Rf8 21. Ra4 Qb2 22. Qb4 Ra5 23. d6 Qxb4 24. Nb3 Qc3 25. Nc5 Qb4 26. Ne6 Ra6 27. Nd4 Qb2 28. Bxh5 Qc3 29. Ra3 b5 30. Be2 Qe1 31. Nxc6 Ba1 32. Kh1 Be5 33. Nb8 Bf4 34. Nd7 Rb6 35. Rb3 Qxf2 36. Re1 Qc5 37. Bf3 Qh5 38. Rbb1 Bg5 39. Rb3 Bf6 40. dxe7 Bg7 41. Bd1 1/2-1/2

[Event "Moskva"]
[Site "?"]
[Date "1992.??.??"]
[Round "?"]
[White "Karpov, An"]
[Black "Timman, J."]
[Result "1-0"]
[WhiteElo "2715"]
[BlackElo "2665"]
[PlyCount "111"]
[EventDate "1992.??.??"]
[Source "ChessBase"]
[SourceDate "1992.10.01"]

1. d4 Nf6 2. c4 g6 3. Nc3 d5 4. cxd5 Nxd5 5. e4 Nxc3 6. bxc3 Bg7 7. Be3 c5 8. Qd2 Qa5 9. Rb1 b6 10. Bb5+ Bd7 11. Be2 Nc6 12. Nf3 Rd8 13. Rc1 cxd4 14. cxd4 Qxd2+ 15. Kxd2 f5 16. exf5 gxf5 17. g3 O-O 18. Rhd1 Kh8 19. Ke1 Nb4 20. Rc7 a5 21. Rb1 Nd5 22. Ra7 Be6 23. Ne5 Rd6 24. Bd2 Rc8 25. Ba6 Rcd8 26. a3 Bg8 27. Rc1 Bf6 28. Bd3 Be6 29. Bb5 Rf8 30. Bh6 Rb8 31. Rc6 Rbd8 32. Rxd6 exd6 33. Bd7 Rxd7 34. Nxd7 Bxd4 35. Ra8+ Bg8 36. Rb8 a4 37. Kf1 Bb2 38. Nxb6 Nxb6 39. Rxb6 Bxa3 40. Rb8 Bc5 41. Ra8 a3 42. Bc1 Kg7 43. Bxa3 Bd5 44. Ra5 Bc4+ 45. Kg2 Bd4 46. Rxf5 d5 47. f3 Kg6 48. g4 Bf6 49. Bc1 d4 50. Rc5 Be2 51. Kg3 Be7 52. Rc6+ Kf7 53. Rh6 Bd3 54. h4 Bb4 55. Bb2 Be1+ 56. Kg2 1-0

[Event "Amsterdam (m/10)"]
[Site "?"]
[Date "1993.??.??"]
[Round "?"]
[White "Karpov, An"]
[Black "Timman, J."]
[Result "1-0"]
[WhiteElo "2760"]
[BlackElo "2620"]
[PlyCount "105"]
[EventDate "1993.??.??"]
[Source "ChessBase"]
[SourceDate "1993.10.01"]

1. d4 Nf6 2. c4 g6 3. Nc3 d5 4. cxd5 Nxd5 5. e4 Nxc3 6. bxc3 c5 7. Be3 Bg7 8. Qd2 Qa5 9. Rb1 b6 10. Bb5+ Bd7 11. Be2 O-O 12. Rc1 Bb5 13. d5 Nd7 14. c4 Qxd2+ 15. Kxd2 Ba4 16. Nh3 e6 17. Nf4 Rae8 18. f3 Ne5 19. Rc3 Bd7 20. Ra3 exd5 21. exd5 h5 22. Rxa7 Bf5 23. Rd1 Ra8 24. Rxa8 Rxa8 25. Ke1 Rxa2 26. d6 Nd7 27. Nd5 Kf8 28. Bd3 Bxd3 29. Rxd3 Be5 30. Bh6+ Kg8 31. Ne7+ Kh7 32. Bd2 Bxh2 33. f4 Bg1 34. Nc6 Kg8 35. Ne5 Ra7 36. Nc6 Ra1+ 37. Ke2 Kf8 38. f5 gxf5 39. Rh3 Bd4 40. Rxh5 Bf6 41. Rxf5 Ra4 42. Kd3 Ke8 43. Bg5 Ba1 44. Be7 f6 45. g4 Ra3+ 46. Ke4 Rc3 47. Rh5 Rxc4+ 48. Kf5 b5 49. Rh8+ Kf7 50. Rd8 Be5 51. Nxe5+ Nxe5 52. Rf8+ Kg7 53. g5 1-0

[Event "XXIV ECC"]
[Site "Kallithea GRE"]
[Date "2008.10.22"]
[Round "6"]
[White "Shirov, A."]
[Black "Sutovsky, E."]
[Result "1/2-1/2"]
[WhiteElo "2726"]
[BlackElo "2651"]
[PlyCount "46"]
[EventDate "2008.10.17"]
[Source "www.chesslib.no"]
[SourceDate "2004.05.04"]

1. d4 Nf6 2. c4 g6 3. Nc3 d5 4. cxd5 Nxd5 5. Bd2 Bg7 6. e4 Nxc3 7. Bxc3 O-O 8. Rc1 c5 9. d5 Bxc3+ 10. Rxc3 e6 11. Bc4 exd5 12. Bxd5 Nd7 13. Ne2 Nf6 14. O-O Nxd5 15. exd5 b6 16. Re3 Ba6 17. Re1 Bxe2 18. R1xe2 Qd6 19. h4 Rad8 20. Rd2 Rfe8 21. Qe2 Rxe3 22. Qxe3 Rd7 23. g3 Re7 1/2-1/2

[Event "FIDE Wch/10"]
[Site "Amsterdam FIDE Wch/10"]
[Date "1993.??.??"]
[Round "?"]
[White "Karpov, Anatoly"]
[Black "Timman, Jan Hein"]
[Result "1-0"]
[WhiteElo "2725"]
[BlackElo "2635"]
[PlyCount "88"]
[EventDate "1993.??.??"]
[Source "www.chesslib.no"]
[SourceDate "2004.05.04"]

1. d4 Nf6 2. c4 g6 3. Nc3 d5 4. cxd5 Nxd5 5. e4 Nxc3 6. bxc3 Bg7 7. Be3 c5 8. Qd2 Qa5 9. Rb1 b6 10. Bb5+ Bd7 11. Be2 O-O 12. Rc1 Bb5 13. d5 Nd7 14. c4 Qxd2+ 15. Kxd2 Ba4 16. Nh3 e6 17. Nf4 Rae8 18. f3 Ne5 19. Rc3 Bd7 20. Ra3 exd5 21. exd5 h5 22. Rxa7 Bf5 23. Rd1 Ra8 24. Rxa8 Rxa8 25. Ke1 Rxa2 26. d6 Nd7 27. Nd5 Kf8 28. Bd3 Bxd3 29. Rxd3 Be5 30. Bh6+ Kg8 31. Ne7+ Kh7 32. Bd2 Bxh2 33. f4 Bg1 34. Nc6 Kg7 35. Ne5 Ra7 36. Nc6 Ra1+ 37. Ke2 Kf8 38. f5 gxf5 39. Rh3 Bd4 40. Rxh5 Ra4 41. Kd3 Ke8 42. Bg5 Ba1 43. Be7 f6 44. g4 Ra3+ 1-0

[Event "VII Gibtelecom Masters"]
[Site "Caleta ING"]
[Date "2009.01.29"]
[Round "3"]
[White "Svidler, P."]
[Black "Ganguly, S."]
[Result "1/2-1/2"]
[WhiteElo "2723"]
[BlackElo "2614"]
[PlyCount "111"]
[EventDate "2009.01.27"]
[Source "www.chesslib.no"]
[SourceDate "2004.05.04"]

1. Nf3 Nf6 2. c4 g6 3. Nc3 d5 4. d4 Bg7 5. cxd5 Nxd5 6. e4 Nxc3 7. bxc3 c5 8. Be3 Qa5 9. Qd2 Nc6 10. Rb1 a6 11. Rc1 cxd4 12. cxd4 Qxd2+ 13. Kxd2 f5 14. e5 Be6 15. Bc4 Bxc4 16. Rxc4 O-O 17. g3 Rad8 18. Ke2 e6 19. Rb1 Rd7 20. Rb6 h6 21. Ne1 Rfd8 22. Nd3 Nxd4+ 23. Bxd4 Rxd4 24. Rxd4 Rxd4 25. Rxe6 g5 26. Re8+ Kh7 27. Re7 b6 28. Re6 Ra4 29. Rxb6 Rxa2+ 30. Ke3 Ra4 31. f4 gxf4+ 32. gxf4 Bf8 33. Rf6 Bg7 34. Rc6 Bf8 35. e6 Ba3 36. Ne5 Kg7 37. h3 a5 38. Nc4 Be7 39. Kd3 Ra1 40. Ne3 Ra3+ 41. Ke2 Ra2+ 42. Kd1 Ra1+ 43. Kc2 Ra2+ 44. Kb1 Re2 45. Nxf5+ Kf6 46. Nxe7 Kxe7 47. f5 Kf6 48. Rc5 a4 49. Ka1 a3 50. h4 h5 51. Rb5 a2 52. Ra5 Rf2 53. Re5 Ke7 54. f6+ Rxf6 55. Rxh5 Kxe6 56. Kxa2 1/2-1/2

[Event "Bad Homburg 74/483"]
[Site "?"]
[Date "1998.??.??"]
[Round "?"]
[White "Kortschnoj, Viktor"]
[Black "Svidler, Peter"]
[Result "1/2-1/2"]
[WhiteElo "2625"]
[BlackElo "2710"]
[PlyCount "65"]
[EventDate "1998.??.??"]
[Source "ChessBase"]
[SourceDate "1998.10.01"]

1. d4 Nf6 2. c4 g6 3. Nc3 d5 4. cxd5 Nxd5 5. Bd2 Bg7 6. e4 Nb6 7. Be3 O-O 8. Be2 Nc6 9. Nf3 Bg4 10. d5 Bxf3 11. gxf3 Ne5 12. Qb3 c6 13. O-O-O cxd5 14. Nxd5 Nxd5 15. Rxd5 Qc7+ 16. Kb1 Nc6 17. f4 e5 18. fxe5 Bxe5 19. h4 Rfd8 20. Bc4 b5 21. Rxb5 Rab8 22. Rc1 a6 23. Bb6 Qd7 24. Rd5 Qg4 25. f3 Qxh4 26. Bxd8 Rxb3 27. Bxb3 Qf2 28. Rxe5 Nxe5 29. Bf6 Nd7 30. Rc8+ Nf8 31. Be7 Qf1+ 32. Kc2 Qe2+ 33. Kc1 1/2-1/2

[Event "Turin ITA"]
[Site "?"]
[Date "2006.05.27"]
[Round "6"]
[White "Aleksandrov Aleksej"]
[Black "Shirov Alexei"]
[Result "1-0"]
[WhiteElo "2634"]
[BlackElo "2699"]
[PlyCount "91"]
[EventDate "2006.??.??"]
[Source "www.chesslib.no"]
[SourceDate "2004.05.04"]

1. d4 Nf6 2. c4 g6 3. Nc3 d5 4. Nf3 Bg7 5. cxd5 Nxd5 6. e4 Nxc3 7. bxc3 c5 8. Rb1 O-O 9. Be2 cxd4 10. cxd4 Qa5+ 11. Bd2 Qxa2 12. O-O Bg4 13. Bg5 h6 14. Be3 Nc6 15. d5 Na5 16. Bc5 b6 17. Bxe7 Rfe8 18. d6 Nc6 19. Bb5 Nxe7 20. Bxe8 Rxe8 21. dxe7 Rxe7 22. Qd8+ Bf8 23. Qb8 Qe6 24. Rfe1 Qc8 25. Qf4 Rc7 26. Nd4 Bd7 27. e5 Rc4 28. h4 Bc5 29. Re4 a5 30. Rbe1 Be6 31. Nxe6 Rxe4 32. Rxe4 Qxe6 33. Qxh6 b5 34. Qc1 Qd5 35. Qe1 Bb4 36. Qe2 Be7 37. e6 f6 38. Re3 a4 39. Qc2 f5 40. Qc8+ Kg7 41. Qc3+ Kh7 42. Re5 b4 43. Qc7 Qd1+ 44. Kh2 Qd6 45. Qxd6 Bxd6 46. e7 1-0